Normal view
MARC view
Entry Personal Name
001 - CONTROL NUMBER
- control field: 7264
003 - CONTROL NUMBER IDENTIFIER
- control field: OSt
005 - DATE AND TIME OF LATEST TRANSACTION
- control field: 20190723090725.0
008 - FIXED-LENGTH DATA ELEMENTS
- fixed length control field: 190723|| aca||aabn | a|a d
040 ## - CATALOGING SOURCE
- Original cataloging agency: OSt
- Transcribing agency: OSt
100 ## - HEADING--PERSONAL NAME
- Personal name: Muniraju S.B.
670 ## - SOURCE DATA FOUND
- Source citation: Work cat.: (OSt): Muniraju S.B., Social inclusion: strategies and way forward, 2019
